LEADER 01536nam a2200325 u 4500 001 000000000389 003 CaOOAMICUS 005 20070226104208.0 008 940517s1970 it u000 u ita u 035 $a10007132 040 $aPUL(R)$bita 041 1 $aita$heng 100 1 $aHeschel, Abraham Joshua,$d1907-1972.$0(OLS)http://pul/name/400 240 10$aMan is not alone.$lItaliano.$0(OLS)http://pul/title/494 245 12$aL'uomo non è solo :$buna filosofia della religione /$cAbraham Joshua Heschel ; traduzione di Lisa Mortara ed Elèna Mortara di Veroli ; introduzione di Cristina Campo. 260 $aMilano :$bRusconi,$c1970. 300 $a310 p. ;$c23 cm 650 4$aReligione$xFilosofia.$0(OLS)http://pul/subject/397 700 1 $aCampo, Cristina.$0(OLS)http://pul/name/403 700 1 $aMortara Di Veroli, Elèna.$0(OLS)http://pul/name/402 700 1 $aMortara, Lisa.$0(OLS)http://pul/name/401 850 $aPUL 852 $aPUL$W1$xDP1 Altre Collocazioni$y17$mSenza collocazione$j12$nBK-PRI$b $qStampati$B412$CPULBib$Z2$F412 $81 852 $aPUL$W1$xSL Religione 1$y3$m7(1) C 30$j411$nBK-PRI$b $qStampati$B411$CPULBib$Z2$F411 $81 852 $aPUL$W1$xDP1 Fondo Bordoni$y120$m3 A 42$j115663$qFondi$B172566$CPULBib$Z2$F172566 $HBor1023 $81 941 1 $a1 941 1 $a8 961 $aINV: 41656 996 $6245$aL'uomo non è solo :$buna filosofia della religione$9(OLS)http://pul/title/495 996 $6260$aMilano :$bRusconi$9(OLS)http://pul/publisher/47863 LEADER 01626nam a2200337 a 4500 001 000000148935 003 CaOOAMICUS 005 20160129093825.0 008 160129s2015 it u001 u ita r 020 $a978-88-308-1460-8* 032 $aLibriCat 040 $aPUL$bita 082 04$a230 100 1 $aMenichetti, Francesco.$0(OLS)http://pul/name/91823 245 10$aIdentità e relazione :$bipotesi per una teologia della vita consacrata mista alla luce del pensiero di H. U. Von Balthasar /$cFrancesco Menichetti ; presentazione di Giorgio Mazzanti. 260 $aAssisi :$bCittadella,$c2015. 300 $a460 p. ;$c21 cm. 490 1 $aStudi e ricerche. Sezione teologica 504 $aBibliografia : p. [437]-454. 600 14$aBalthasar, Hans Urs von,$ccard.,$d1905-1988$xTeologia.$0(OLS)http://pul/subject/23332 650 4$aVita consacrata.$0(OLS)http://pul/subject/13125 700 1 $aMazzanti, Giorgio.$0(OLS)http://pul/name/13074 830 0$aStudi e ricerche (Cittadella).$pSezione teologica.$0(OLS)http://pul/title/143126 850 $aPUL 852 $aPUL$W1$xSL Religione 3$y85$m230 COLL 11.1.10$j171651$qDDC 21$B173149$CPULBib$Z2$F173149 $H126922 $81 941 1 $a9 996 $6020$a978-88-308-1460-8*$9(OLS)http://pul/number/159489 996 $6082$a230$9(OLS)http://pul/classification/368 996 $6245$aIdentità e relazione :$bipotesi per una teologia della vita consacrata mista alla luce del pensiero di H. U. Von Balthasar$9(OLS)http://pul/title/187803 996 $6260$aAssisi :$bCittadella$9(OLS)http://pul/publisher/49668